00286nam a2200121Ia 4500008004100000100002100041245003200062260002800094300000800122650001000130942000700140999001700147190216s9999||||xx |||||||||||||| ||und|| aLeeladhar Mandoi 0aHindi-Yek Bahuth Komal Than bAnthika Prakashanc2010 a128 aHindi cBK c16791d16791